000 00635nam a2200217Ia 4500
005 20241216011140.0
008 190212s9999||||xx |||||||||||||| ||und||
082 _a657
_bS45
100 _aSEVILLA DE DIAZ, VICTORIA
245 0 _aCONTABILIDAD DE SOCIEDADES MERCANTILES
_bAPLICACION DEL PLAN DE CUENTAS TRADICIONAL Y PLAN CONTABLE GENERAL
250 _a0
260 _c1978
300 _a0 pag
_c0 cm
341 _h0
490 _v0
_a0
505 _aSOCIEDADES MERCANTILES/COLECTIVAS/ANONIMAS/EN COMANDITA SIMP
541 _d17-May-04
_oSoles
650 _aCIENCIAS APLICADAS
856 _zCiencias Aplicadas
942 _cLIBRO
999 _c33954
_d33954